00000000nam##2200000za#4500
0019.680747
003CaOODSP
00520250611103641
007ta
008150407|1999||||xxc|||||     f|0| 0 fre|d
020 |a0-662-83678-2
040 |aCaOODSP|bfre
043 |an-cn---
0861 |aA2-190/1999F
1101 |aCanada. |bAgriculture et agroalimentaire Canada.
24510|aPlan d'action du Canada pour la sécurité alimentaire : |bune réponse au sommet mondial de l'alimentation
260 |aOttawa - Ontario : |bAgriculture et Agroalimentaire Canada |c1999.
300 |a56p. : |bill. ; |c28 cm.
500 |a«La structure du présent document s'inspire du Plan d'action du Sommet mondial de l'alimentation, avalisé par 187 pays au cours du Sommet qui s'est tenu à Rome en 1996. Le Plan d'action du SMA comprend sept engagements, lesquels forment le pivot central du présent document. Dans la partie II, on souligne le plan d'action du Canada sur la scène nationale et dans la partie III, on souligne le plan d'action du Canada sur la scène internationale, comme donateur aux pays en voie de développement (PVD) et aux pays en transition, comme membre de la communauté multilatérale et comme nation commerçante. Après chaque mesure, on indique entre parenthèse les principaux organismes responsables de la mise en application. Enfin, la partie IV expose l'approche du Canada à la mise en Oeuvre et à la surveillance de son plan d'action.»--Page 1.
5203 |aLa structure du présent document s'inspire du Plan d'action du Sommet mondial de l'alimentation, avalisé par 187 pays au cours du Sommet qui s'est tenu à Rome en 1996. Le Plan d'action du SMA comprend sept engagements, lesquels forment le pivot central du présent document. Dans la partie II, on souligne le plan d'action du Canada sur la scène nationale et dans la partie III, on souligne le plan d'action du Canada sur la scène internationale, comme donateur aux pays en voie de développement (PVD) et aux pays en transition, comme membre de la communauté multilatérale et comme nation commerçante. Après chaque mesure, on indique entre parenthèse les principaux organismes responsables de la mise en application. Enfin, la partie IV expose l'approche du Canada à la mise en Oeuvre et à la surveillance de son plan d'action.--Page 1
563 |aCouverture souple
590 |a99-20|b1999-05-21
69107|aPolitique agricole|2gcpds
69107|aIndustrie agro-alimentaire|2gcpds
77508|tCanada's action plan for food security : |w(CaOODSP)9.647322
7760#|tPlan d'action du Canada pour la sécurité alimentaire (1998) |w(CaOODSP)9.641737
986 |a1987F, 1998.